| 000 | 00595nam a2200217Ia 4500 | ||
|---|---|---|---|
| 003 | OSt | ||
| 005 | 20220918225820.0 | ||
| 006 | a|||||r|||| 00| 0 | ||
| 007 | ta | ||
| 008 | 220917b |||||||| |||| 00| 0 eng d | ||
| 024 | _a245,479 | ||
| 037 | _cTextual | ||
| 040 |
_aARTS _cARTS _beng |
||
| 041 |
_2eng _aeng |
||
| 082 | _aL358:4p6:N63, K5 | ||
| 100 |
_aJonxis J H _9151262 |
||
| 245 | 0 | _aAbnormal haemoglobins in Africa | |
| 260 |
_aOxford _bBlackwell Scientific Publications _c1965 |
||
| 942 |
_hL358:4p6:N63, K5 _cTEXL _2CC |
||
| 999 |
_c286051 _d286051 |
||